000
00212nam a22000857a 4500
008
160718b xxu||||| |||| 00| 0 eng d
100
_9
3000
_a
Burnie, D
245
_a
Bird
260
_a
New York
_b
Dorling Kindersley
_c
2000
999
_c
2563
_d
2563